000 00644nam a2200217 a 4500
001 000025513
003 DO-SdBNP
005 20240412074251.0
008 110217s1997 dr 000 p spa d
040 _aDO-SdBNP
_bspa
_cBNPHU
049 _aBNPD
082 _aRD861.5
_bT683b
100 1 _aToribio, Andrés
_952162
245 1 0 _aBajo la inopia /
_cAndrés Toribio ; prólogo Santiago Mata Polanco.
260 _aSanto Domingo :
_bImpresora Veloz,
_c1997.
300 _a48 p. ;
_c21 cm.
650 0 _aPoesía dominicana
_966
650 0 _aLiteratura dominicana.
_967
700 1 _aMata Polanco, Santiago
_epról.
_952163
942 _2ddc
_cLBS1
999 _c25005
_d25005